Human Rights Victims and Rehabilitation/ (Record no. 189376)

MARC details
000 -LEADER
fixed length control field 00589nam a22001937a 4500
005 - DATE AND TIME OF LATEST TRANSACTION
control field 20220627105600.0
010 ## - LCCN (DPL NO)
LC control number ENG-133386
020 ## - INTERNATIONAL STANDARD BOOK NUMBER
International Standard Book Number 9788190863391
Terms of availability 1500.00
035 ## - SYSTEM CONTROL NUMBER
System control number EN-116918
037 ## - SOURCE OF ACQUISITION
Source of stock number/acquisition DBAD/PUB
082 ## - DEWEY DECIMAL CLASSIFICATION NUMBER
Classification number 323.09
245 ## - TITLE STATEMENT
Title Human Rights Victims and Rehabilitation/
Statement of responsibility, etc Edited by V. Marappan and J. Devakumar
260 ## - PUBLICATION, DISTRIBUTION, ETC. (IMPRINT)
Place of publication, distribution, etc Tamil Nadu
Name of publisher, distributor, etc Mangala Publications
Date of publication, distribution, etc 2011
270 ## - ADDRESS
Address Razack Garden Main Road, Arumbakkam
City Chennai
300 ## - PHYSICAL DESCRIPTION
Extent 876p.
Dimensions 25cm(pbk)
700 ## - ADDED ENTRY--PERSONAL NAME
Personal name Marappan, V.
700 ## - ADDED ENTRY--PERSONAL NAME
Personal name Devakumar, J.
942 ## - ADDED ENTRY ELEMENTS (KOHA)
Source of classification or shelving scheme Dewey Decimal Classification
Item type English Books
Classification part 323.09
Call number suffix HUM
Holdings
Withdrawn status Lost status Not for loan Collection code Home library Current library Date acquired Source of acquisition Cost, normal purchase price Full call number Barcode Copy number Cost, replacement price Koha item type
      Non-fiction Ashok Vihar Ashok Vihar 27/06/2022 DBAD/PUB 1500.00 323.09 HUM EN-116918 1 1500.00 English Books

© Delhi Public Library
Hit Counter
free hit counter